Normal view
MARC view
- Robles Gil Mestre, Sandra
Entry Nombre Personal
001 - NUMERO DE CONTROL
- campo de control: 48822
003 - IDENTIFICADOR DE NUMERO DE CONTROL
- campo de control: UPN
005 - FECHA Y HORA DE LA ÜLTIMA TRANSACCIÓN
- campo de control: 20230509102234.0
008 - DATOS DE LONGITUD FIJA
- campo de control de longitud fija: 230509nn acnnnaabn a aaa d
040 ## - FUENTE DE CATALOGACIÓN
- Agencia original de catalogación: MX-MxUPN
- Lenguaje de catalogación: spa
100 1# - ENCABEZAMIENTO - NOMBRE PERSONAL
- Nombre personal: Robles Gil Mestre, Sandra
400 1# - VEÁSE - NOMBRE DE PERSONA
- Personal name: Robles Gil Mestre, Sandra
670 ## - FUENTE EN LA QUE SE LOCALIZARON DATOS
- Cita de la fuente: Baja California Sur. 2012:
- Información localizada: reverso de la portada (Sandra Robles Gil Mestre)
902 ## - CATALOGADOR
- Catalogador: VíctorGodínez/090523
